[Event "XXIV Open"]
[Site "Cappelle La Grande FRA"]
[Date "2008.02.21"]
[Round "7"]
[White "Van der Weide,K"]
[Black "Frois,A"]
[Result "1-0"]
[WhiteElo "2483"]
[BlackElo "2368"]
[EventDate "2008.02.16"]

1. e4 c5 2. Nf3 g6 3. d4 cxd4 4. Nxd4 Nc6 5. Nc3 Bg7 6. Be3 Nf6 7. Bc4 O-O
8. Bb3 d6 9. h3 Bd7 10. O-O Nxd4 11. Bxd4 a5 12. a4 Bc6 13. f4 Nd7 14. Bxg7
Kxg7 15. Nd5 Bxd5 16. Qxd5 Qb6+ 17. Kh1 Rac8 18. Rad1 Nc5 19. Qd4+ Kg8 20.
f5 Rc6 21. Bd5 Rc7 22. f6 Qb4 23. fxe7 Rxe7 24. Qf6 Rd7 25. Rf4 Qxa4 26. b3
Qb5 1-0

[Event "XXIV Open"]
[Site "Cappelle La Grande FRA"]
[Date "2008.02.21"]
[Round "7"]
[White "Delekta,P"]
[Black "Reinaldo Castineira,R"]
[Result "0-1"]
[WhiteElo "2291"]
[BlackElo "2473"]
[EventDate "2008.02.16"]

1. f4 c5 2. e4 d5 3. exd5 Nf6 4. Bb5+ Nbd7 5. c4 a6 6. Bxd7+ Bxd7 7. Nf3 e6
8. Qe2 Be7 9. dxe6 Bxe6 10. O-O O-O 11. Ne5 Re8 12. d3 Bd6 13. Nc3 Bxe5 14.
fxe5 Qd4+ 15. Qe3 Ng4 16. Qxd4 cxd4 17. Ne2 Nxe5 18. Nxd4 Nxd3 19. b3 Bg4
20. Bd2 Rad8 21. Bc3 Re4 22. h3 Bh5 23. Rf5 Bg6 24. Rd5 Rxd5 25. cxd5 Re5
26. d6 Rd5 27. Rd1 Rxd6 28. Rd2 f6 29. Ne2 Rc6 30. Bd4 Kf7 31. Kh2 Rd6 32.
Bc3 Re6 33. Bd4 Rd6 34. Bc3 Rd5 35. Kg3 Be4 36. Kh2 g5 37. g4 b5 38. a3 Bg6
39. Ng3 Rc5 40. Ne2 Rc6 41. Bd4 Re6 42. Nc3 Rd6 43. Bc5 Rd7 44. Bb6 f5 45.
gxf5 Bxf5 46. Ne2 h6 47. Kg3 Bxh3 48. Kxh3 Nf4+ 49. Nxf4 Rxd2 50. Nh5 Rd3+
51. Kg4 Rxb3 52. Bc5 Kg6 53. Ng3 h5+ 0-1

[Event "XXIV Open"]
[Site "Cappelle La Grande FRA"]
[Date "2008.02.21"]
[Round "7"]
[White "Hoolt,S"]
[Black "Akesson,R"]
[Result "0-1"]
[WhiteElo "2220"]
[BlackElo "2470"]
[EventDate "2008.02.16"]

1. e4 c5 2. c3 d5 3. exd5 Qxd5 4. d4 Nf6 5. Nf3 Bg4 6. dxc5 Qxc5 7. Na3
Nbd7 8. Be3 Qc8 9. h3 Bxf3 10. Qxf3 e6 11. Nb5 a6 12. Nd4 Bc5 13. Qg3 O-O
14. Bd3 Re8 15. O-O Nd5 16. Qh4 Nf8 17. Bg5 Ng6 18. Bxg6 hxg6 19. Rad1 b5
20. Nf3 Qc7 21. Rd3 Rac8 22. Rfd1 Qb6 23. Nd4 Bd6 24. Be3 Nxe3 25. Rxe3 Bc5
26. Red3 e5 27. Nb3 Bf8 28. Nd2 Qe6 29. Ne4 Rc4 30. b3 Be7 31. Ng5 Rxh4 32.
Nxe6 fxe6 33. g4 e4 34. Re3 Bc5 35. Rxe4 Rxh3 36. b4 Bf8 37. c4 bxc4 38.
Rxc4 Ra3 39. Rd7 Rxa2 40. Ra7 Ra4 41. Rc6 Rxb4 0-1

[Event "XXIV Open"]
[Site "Cappelle La Grande FRA"]
[Date "2008.02.21"]
[Round "7"]
[White "Salgado Lopez,I"]
[Black "Berry,N"]
[Result "1-0"]
[WhiteElo "2459"]
[BlackElo "2319"]
[EventDate "2008.02.16"]

1. e4 e5 2. Nf3 Nc6 3. Bb5 a6 4. Ba4 Nf6 5. O-O Be7 6. Re1 b5 7. Bb3 d6 8.
c3 O-O 9. h3 Na5 10. Bc2 c5 11. d4 Qc7 12. Nbd2 Nc6 13. d5 Nd8 14. a4 Rb8
15. axb5 axb5 16. b4 Bd7 17. bxc5 Qxc5 18. Ba3 Qxc3 19. Re3 Qc7 20. Bb4 Nb7
21. Nxe5 Nc5 22. Nef3 Rfe8 23. Nd4 Qb7 24. N2b3 Nxb3 25. Bxb3 Bf8 26. Qd3
Ra8 27. Rae1 Ra6 28. Rf3 Re5 29. Kh2 Qb8 30. Rfe3 Rh5 31. Kg1 Rh4 32. Nf3
Rh5 33. Bc3 Ra3 34. Bb2 Ra8 35. Nd4 Rh6 36. f4 Nh5 37. Rf3 Qd8 38. Ref1 Qh4
39. f5 Nf6 40. Rf4 Qg5 41. Ne6 fxe6 42. dxe6 Bxe6 43. Bxe6+ Kh8 44. Bc1 d5
45. exd5 Bc5+ 46. Kh1 Ra1 47. Qxb5 Bd6 48. Rc4 1-0

[Event "XXIV Open"]
[Site "Cappelle La Grande FRA"]
[Date "2008.02.21"]
[Round "7"]
[White "Savchenko,B"]
[Black "Kilpatrick,C"]
[Result "1-0"]
[WhiteElo "2589"]
[BlackElo "2201"]
[EventDate "2008.02.16"]

1. e4 e5 2. Nf3 Nc6 3. Bb5 a6 4. Ba4 Nf6 5. O-O Be7 6. Re1 b5 7. Bb3 d6 8.
c3 O-O 9. h3 Na5 10. Bc2 c5 11. d4 Qc7 12. Nbd2 cxd4 13. cxd4 Rd8 14. d5
Bd7 15. Nf1 Rdc8 16. Bd3 Nb7 17. N3h2 Nc5 18. Bc2 a5 19. Ng3 b4 20. Be3 a4
21. Rc1 Qb7 22. Bb1 Na6 23. f4 a3 24. b3 Rc3 25. Bd3 Rac8 26. Nf3 exf4 27.
Bxf4 Rxc1 28. Bxc1 Nc5 29. Bb1 Bb5 30. Nf5 Bf8 31. Qd4 Ba6 32. Bf4 Qb6 33.
Kh1 Nfd7 34. Bxd6 Nd3 35. Bxd3 Qxd4 36. N3xd4 Bxd3 37. Nc6 Re8 38. Nxb4
Bxe4 39. Ne7+ Bxe7 40. Rxe4 Kf8 41. Rxe7 1-0

[Event "XXIV Open"]
[Site "Cappelle La Grande FRA"]
[Date "2008.02.21"]
[Round "7"]
[White "Sumets,A"]
[Black "Piot,O"]
[Result "1-0"]
[WhiteElo "2541"]
[BlackElo "2234"]
[EventDate "2008.02.16"]

1. d4 Nf6 2. c4 g6 3. Nc3 Bg7 4. Nf3 d6 5. Bf4 O-O 6. h3 d5 7. Rc1 c6 8. e3
Ne4 9. cxd5 Nxc3 10. Rxc3 Qxd5 11. Bc4 Qa5 12. O-O Nd7 13. Bb3 e5 14. Nxe5
Nxe5 15. Rc5 Qb6 16. Bxe5 Bxe5 17. Rxe5 Be6 18. Bxe6 fxe6 19. b3 Rf6 20.
Qc2 Raf8 21. Qc4 Kf7 22. g4 Re8 23. f4 Qd8 24. Kh2 Qd7 25. a4 Kg7 26. b4 a6
27. Rb1 Rf7 28. Kg3 Rfe7 29. h4 Qc8 30. h5 Rd8 31. Rh1 Rd5 32. hxg6 hxg6
33. Qc2 Qg8 34. Qh2 Kf7 35. Qh4 Re8 36. Kf3 Qg7 37. Ke4 Red8 38. Qh7 Re8
39. a5 Rg8 40. Qxg7+ Rxg7 41. Rh8 Ke7 42. Rxd5 cxd5+ 43. Ke5 g5 44. Rb8 1-0

[Event "XXIV Open"]
[Site "Cappelle La Grande FRA"]
[Date "2008.02.21"]
[Round "7"]
[White "Carton,C"]
[Black "Kveinys,A"]
[Result "1-0"]
[WhiteElo "2221"]
[BlackElo "2521"]
[EventDate "2008.02.16"]

1. e4 c5 2. Nf3 e6 3. d4 cxd4 4. Nxd4 a6 5. Bd3 Nf6 6. O-O Qc7 7. Nc3 Bc5
8. Nb3 Be7 9. a4 O-O 10. f4 d6 11. g4 Nfd7 12. Qf3 Nc6 13. Qh3 Nb4 14. Be3
b6 15. Rad1 Bb7 16. g5 Rfe8 17. f5 exf5 18. g6 hxg6 19. exf5 g5 20. f6 Bxf6
21. Qh7+ Kf8 22. Rde1 Nxd3 23. cxd3 Re6 24. Nd4 Re5 25. Nf5 Rxf5 26. Rxf5
Ne5 27. Ne4 Nxd3 28. Rxf6 Nxe1 29. Qh8+ Ke7 30. Qxg7 Bd5 31. Bxg5 Kd7 32.
Rxd6+ Qxd6 33. Nxd6 Nf3+ 34. Kf2 Nxg5 35. Qe5 Be6 36. Nf5 Bxf5 37. Qd5+ Ke7
38. Qxa8 1-0

[Event "XXIV Open"]
[Site "Cappelle La Grande FRA"]
[Date "2008.02.21"]
[Round "7"]
[White "Bruned,B"]
[Black "Mateo,Ra"]
[Result "0-1"]
[WhiteElo "2217"]
[BlackElo "2484"]
[EventDate "2008.02.16"]

1. e4 c5 2. Nf3 e6 3. d4 cxd4 4. Nxd4 a6 5. Bd3 g6 6. c4 Bg7 7. Ne2 Ne7 8.
Nbc3 O-O 9. O-O d5 10. exd5 exd5 11. Bg5 dxc4 12. Bxc4 Qc7 13. Rc1 Nbc6 14.
Bf4 Qa5 15. Qb3 b5 16. Bd5 b4 17. Bxc6 Nxc6 18. Ne4 Be6 19. Qc2 Rac8 20. b3
Bf5 21. N2g3 Nd4 22. Qd2 Rxc1 23. Rxc1 Bxe4 24. Nxe4 Qf5 25. Ng3 Qb5 26.
Bd6 Re8 27. Qxb4 Qd3 28. Qc4 Qd2 29. Bb4 Qxa2 30. Re1 Rxe1+ 31. Bxe1 Qb1
32. Kf1 Nc2 33. Qc8+ Bf8 34. Qe8 Nxe1 35. Qxe1 Qxb3 36. Ne4 Bb4 37. Nf6+
Kg7 38. Ne8+ Kf8 0-1

[Event "XXIV Open"]
[Site "Cappelle La Grande FRA"]
[Date "2008.02.21"]
[Round "7"]
[White "Baba,M"]
[Black "Papin,V"]
[Result "0-1"]
[WhiteElo "2213"]
[BlackElo "2475"]
[EventDate "2008.02.16"]

1. e4 c5 2. Nf3 e6 3. d4 cxd4 4. Nxd4 a6 5. Bd3 Nf6 6. O-O d6 7. Nc3 Nbd7
8. Qe2 Qc7 9. Kh1 g6 10. f4 Bg7 11. f5 Ne5 12. Bg5 O-O 13. Qd2 b5 14. Rae1
Bd7 15. Nce2 Rae8 16. Ng3 Nxd3 17. cxd3 exf5 18. exf5 Rxe1 19. Rxe1 Nd5 20.
Nf3 Rc8 21. fxg6 hxg6 22. h4 Qc2 23. Qa5 Ra8 24. d4 Qxb2 25. Re2 Qc3 26.
Bd2 Qxa5 27. Bxa5 Rc8 28. h5 gxh5 29. Nxh5 Bg4 30. Nxg7 Kxg7 31. Kh2 Bxf3
32. gxf3 Rc4 33. Rd2 Kf6 34. Kg3 Ke7 0-1

[Event "XXIV Open"]
[Site "Cappelle La Grande FRA"]
[Date "2008.02.21"]
[Round "7"]
[White "Scetinin,A"]
[Black "Rasmussen,A"]
[Result "0-1"]
[WhiteElo "2208"]
[BlackElo "2468"]
[EventDate "2008.02.16"]

1. e4 c6 2. Nc3 d5 3. Nf3 dxe4 4. Nxe4 Nd7 5. Bc4 Ngf6 6. Ng3 b5 7. Be2 Bb7
8. O-O e6 9. d4 Qc7 10. b3 Bd6 11. c4 bxc4 12. bxc4 c5 13. Ba3 O-O 14. Rb1
Rfd8 15. Qb3 Rab8 16. Qc3 Bxf3 17. Bxf3 cxd4 18. Bxd6 Qxd6 19. Qa5 a6 20.
Rb7 Nc5 21. Rc7 Rdc8 22. Rxc8+ Rxc8 23. Rb1 Nfd7 24. Nf1 g6 25. Nd2 Kg7 26.
g3 Rb8 27. Rd1 Qb6 28. Qa3 Qb2 29. Qa5 Qc3 30. Qc7 Rb2 0-1

[Event "XXIV Open"]
[Site "Cappelle La Grande FRA"]
[Date "2008.02.21"]
[Round "7"]
[White "De la Villa Garcia,J"]
[Black "Karlovich,A"]
[Result "1-0"]
[WhiteElo "2460"]
[BlackElo "2198"]
[EventDate "2008.02.16"]

1. e4 e5 2. Nf3 d6 3. d4 exd4 4. Nxd4 Nf6 5. Nc3 Be7 6. Bf4 O-O 7. Qd2 Re8
8. O-O-O a6 9. f3 b5 10. g4 g6 11. g5 Nh5 12. Be3 c6 13. Nce2 d5 14. exd5
Qxd5 15. Nc3 Qd8 16. Bd3 Bb7 17. Be4 Qc7 18. Rhe1 Rd8 19. Qf2 Nd7 20. f4
Bb4 21. Nce2 Re8 22. a3 Bd6 23. Ng3 Ng7 24. Qd2 Re6 25. f5 gxf5 26. Ndxf5
Ne8 27. Rf1 Ne5 28. Qg2 Ng7 29. Qh3 Nxf5 30. Bxf5 Rg6 31. Bxg6 fxg6 32.
Qe6+ 1-0

[Event "XXIV Open"]
[Site "Cappelle La Grande FRA"]
[Date "2008.02.21"]
[Round "7"]
[White "Kienitz,A"]
[Black "Khurtsidze,N"]
[Result "1/2-1/2"]
[WhiteElo "2193"]
[BlackElo "2441"]
[EventDate "2008.02.16"]

1. e4 c5 2. Nf3 e6 3. d4 cxd4 4. Nxd4 a6 5. Bd3 Nf6 6. O-O d6 7. c4 b6 8.
Nc3 Bb7 9. Qe2 Nbd7 10. f4 g6 11. e5 dxe5 12. fxe5 Nh5 13. Be4 Bxe4 14.
Nxe4 Nxe5 15. Nxe6 fxe6 16. Bg5 Be7 17. Rad1 Qc7 18. Bxe7 Kxe7 19. Qe3 Nf7
20. Qa3+ Ke8 21. Qa4+ b5 22. cxb5 Qb6+ 23. Kh1 Qxb5 24. Qd4 Rd8 25. Qf2 Rf8
26. Nd6+ Rxd6 27. Rxd6 Nxd6 28. Qxf8+ Kd7 29. Rd1 Ng3+ 30. Kg1 Qc5+ 31. Qf2
Nge4 32. Qxc5 Nxc5 33. Rd4 Kc6 34. Rh4 h5 35. g4 g5 36. Rxh5 Nde4 37. h4
gxh4 38. Rxh4 Nd3 39. b3 Nf4 40. Rh8 e5 41. Ra8 Kb6 42. Rg8 Kc5 43. Ra8 Nf6
44. Rxa6 Nxg4 45. Ra8 e4 46. Re8 e3 47. Kf1 Nh2+ 48. Ke1 Nf3+ 49. Kd1 Kd4
50. a4 Kd3 51. a5 Nd4 52. Rxe3+ Kxe3 53. a6 Nb5 54. b4 Nd5 55. Kc2 Ndc7 56.
a7 Na8 57. Kb3 Nb6 58. a8=Q Nxa8 59. Kc4 Nac7 60. Kc5 Ke4 61. Kc4 Ke5 62.
Kd3 Kd5 63. Ke3 Ne6 64. Kf3 Ke5 65. Ke3 Nf4 66. Kf3 Nd5 67. Kg3 Kf5 68. Kf3
Nd4+ 69. Kf2 Nb5 70. Kf3 Ke5 71. Kg3 Ke4 72. Kg4 Ne3+ 73. Kg5 Ke5 74. Kg6
Ng4 75. Kg5 Nh2 76. Kg6 Nf3 77. Kg7 Ng5 78. Kg6 Nh3 79. Kg7 Nf4 80. Kf7 Nd5
81. Kg6 Kf4 82. Kf7 Kf5 83. Kg7 Nb6 84. Kf7 Nc8 85. Kg7 Ncd6 86. Kh6 Ne8
87. Kh5 Ng7+ 88. Kh4 Kf4 89. Kh3 Kf3 90. Kh4 Ne6 91. Kh5 Kf4 92. Kg6 Ke5
93. Kh5 Kf5 94. Kh4 Kf4 95. Kh5 Nf8 96. Kh4 Ng6+ 97. Kh5 Kf5 98. Kh6 Nf4
99. Kg7 Ke6 100. Kh6 Kf6 101. Kh7 Ne6 102. Kh6 Ng7 103. Kh7 Nf5 104. Kg8
Ke7 105. Kh8 Kf7 106. Kh7 Nc7 107. Kh8 Nd5 108. Kh7 Nf6+ 1/2-1/2

[Event "XXIV Open"]
[Site "Cappelle La Grande FRA"]
[Date "2008.02.21"]
[Round "7"]
[White "Zawadzki,S"]
[Black "Sarrau,J"]
[Result "0-1"]
[WhiteElo "2436"]
[BlackElo "2186"]
[EventDate "2008.02.16"]

1. e4 c5 2. Nf3 d6 3. d4 cxd4 4. Nxd4 Nf6 5. Nc3 a6 6. Be3 e5 7. Nb3 Be6 8.
f3 Nbd7 9. g4 Nb6 10. g5 Nh5 11. Qd2 Rc8 12. O-O-O Be7 13. Kb1 O-O 14. Rg1
g6 15. h4 Qc7 16. Qf2 Bd8 17. Nc1 f6 18. Rh1 fxg5 19. hxg5 Nc4 20. Bh3 Bxh3
21. Rxh3 Nxb2 22. Kxb2 Qxc3+ 23. Kb1 Nf4 24. Bxf4 Rxf4 25. Rd3 Qc6 26. Rb3
Rf7 27. Nd3 b5 28. Qd2 a5 29. Nf2 Bxg5 30. Qd3 b4 31. Ng4 Qc5 32. Qd1 Rfc7
0-1

[Event "XXIV Open"]
[Site "Cappelle La Grande FRA"]
[Date "2008.02.21"]
[Round "7"]
[White "Petkevich,J"]
[Black "Souevamanien,P"]
[Result "1-0"]
[WhiteElo "2434"]
[BlackElo "2148"]
[EventDate "2008.02.16"]

1. Nf3 Nf6 2. b3 d6 3. d4 g6 4. g3 Bg7 5. Bb2 Bf5 6. Bg2 Qc8 7. h3 O-O 8.
Nbd2 a5 9. g4 Bd7 10. e4 a4 11. c4 c5 12. e5 dxe5 13. dxe5 Ne8 14. O-O Nc7
15. Ne4 Ne6 16. Nc3 Nc6 17. Nxa4 Rxa4 18. bxa4 Nf4 19. e6 Bxe6 20. Bxg7
Kxg7 21. Qd2 Nxg2 22. Kxg2 Bxg4 23. Qc3+ Kg8 24. hxg4 Qxg4+ 25. Kh2 Qf4+
26. Kh1 e5 27. Qe3 Qg4 28. Rg1 Qh5+ 29. Nh2 Rd8 30. Rg5 Qh4 31. Rg4 Qf6 32.
Re4 Nd4 33. Ng4 1-0

[Event "XXIV Open"]
[Site "Cappelle La Grande FRA"]
[Date "2008.02.21"]
[Round "7"]
[White "Van Oosterom,C"]
[Black "Pace,C"]
[Result "1-0"]
[WhiteElo "2408"]
[BlackElo "2139"]
[EventDate "2008.02.16"]

1. e4 c5 2. Nf3 g6 3. d4 Bg7 4. dxc5 Qa5+ 5. c3 Qxc5 6. Na3 Nf6 7. Nb5 b6
8. e5 Ng4 9. Qd4 Qxd4 10. cxd4 Na6 11. Bd2 O-O 12. Rc1 Bb7 13. Nc7 Nxc7 14.
Rxc7 Bc6 15. Ba6 Rfb8 16. O-O e6 17. Rc1 Nh6 18. Bb4 Bf8 19. Bxf8 Kxf8 20.
Ng5 Ke8 21. Rc3 Kd8 22. R7xc6 dxc6 23. Rh3 b5 24. Rxh6 Kc7 25. Rxh7 Kb6 26.
Rxf7 Kxa6 27. Nxe6 Ka5 28. Nc5 Re8 29. Rb7 a6 30. a3 1-0

[Event "XXIV Open"]
[Site "Cappelle La Grande FRA"]
[Date "2008.02.21"]
[Round "7"]
[White "Bok,B"]
[Black "Bogner,S"]
[Result "0-1"]
[WhiteElo "2179"]
[BlackElo "2401"]
[EventDate "2008.02.16"]

1. e4 c5 2. Nf3 d6 3. d4 cxd4 4. Nxd4 Nf6 5. Nc3 a6 6. Bg5 e6 7. f4 h6 8.
Bh4 Be7 9. Qf3 Qc7 10. O-O-O Nbd7 11. Bd3 g5 12. fxg5 Ne5 13. Qe2 Nfg4 14.
Nf3 Nxf3 15. Qxf3 Ne5 16. Qh5 Ng6 17. Bg3 hxg5 18. Qf3 Bd7 19. Rhf1 Rf8 20.
e5 Nxe5 21. Bxe5 dxe5 22. Qh5 O-O-O 23. Qh7 Be8 24. Qg7 Kb8 25. Ne4 Ba4 26.
Nc3 Be8 27. Ne4 f6 28. g4 Bc6 29. Qg6 f5 30. Ng3 e4 31. Bc4 Rxd1+ 32. Rxd1
Qe5 33. Qxe6 Qxe6 34. Bxe6 f4 35. Nf5 Bc5 36. Bc4 e3 37. Re1 Rh8 38. h4
gxh4 39. g5 Rh5 40. g6 Rxf5 41. g7 Rg5 42. g8=Q+ Rxg8 43. Bxg8 h3 0-1

[Event "XXIV Open"]
[Site "Cappelle La Grande FRA"]
[Date "2008.02.21"]
[Round "7"]
[White "Roberts,P"]
[Black "Czerwonski,A"]
[Result "0-1"]
[WhiteElo "2168"]
[BlackElo "2388"]
[EventDate "2008.02.16"]

1. d4 Nf6 2. Bf4 b6 3. Nf3 Bb7 4. e3 e6 5. Be2 Be7 6. h3 c5 7. c3 O-O 8.
O-O d6 9. Nbd2 Nbd7 10. Qc2 Qc7 11. Bh2 a6 12. a4 Bc6 13. e4 Qb7 14. Bd3
cxd4 15. Nxd4 Nc5 16. Nxc6 Qxc6 17. Rfe1 b5 18. axb5 axb5 19. Nb3 Nxb3 20.
Qxb3 Nxe4 21. Qxb5 Qxb5 22. Bxb5 Rab8 23. Bc6 Nc5 24. Ra7 Rfc8 25. Bd7 Nxd7
26. Rxd7 Kf8 27. Bxd6 Bxd6 28. Rxd6 Rxb2 29. Rc1 Ra8 30. Rd3 Raa2 31. Rf3
f5 32. Rd1 Ke7 33. Rd4 Rb1+ 34. Kh2 Rf1 35. Kg3 g5 36. Rb4 h5 37. h4 f4+
38. Kh2 Raa1 0-1

[Event "XXIV Open"]
[Site "Cappelle La Grande FRA"]
[Date "2008.02.21"]
[Round "7"]
[White "Couche,D"]
[Black "Melia,S"]
[Result "1/2-1/2"]
[WhiteElo "2122"]
[BlackElo "2362"]
[EventDate "2008.02.16"]

1. d4 Nf6 2. c4 e6 3. Nf3 b6 4. e3 d5 5. Nc3 Bd6 6. Bd3 Bb7 7. cxd5 exd5 8.
O-O O-O 9. b3 Nbd7 10. Nb5 Be7 11. Ba3 Bxa3 12. Nxa3 a6 13. Rc1 Re8 14. b4
Ne4 15. Nb1 Nf8 16. Nc3 Qd6 17. Qb3 Ng6 18. Rc2 Re7 19. Rfc1 Kh8 20. Ne2
Rf8 21. a4 h6 22. Qb2 c6 23. g3 Rc8 24. Nf4 Nxf4 25. exf4 c5 26. Bxe4 dxe4
27. dxc5 bxc5 28. Rxc5 exf3 29. Rxc8+ Kh7 30. R8c4 Qe6 31. Qc2+ g6 32. Qd1
Rd7 33. Qe1 Qd6 34. h4 Re7 35. Qd1 Qb6 36. Qd4 Qe6 37. Qd1 1/2-1/2

[Event "XXIV Open"]
[Site "Cappelle La Grande FRA"]
[Date "2008.02.21"]
[Round "7"]
[White "Mannion,S"]
[Black "L'Henoret,T"]
[Result "1/2-1/2"]
[WhiteElo "2347"]
[BlackElo "2112"]
[EventDate "2008.02.16"]

1. e4 c5 2. Nf3 Nc6 3. d4 cxd4 4. Nxd4 Nf6 5. Nc3 e5 6. Ndb5 d6 7. Bg5 a6
8. Na3 b5 9. Bxf6 gxf6 10. Nd5 Bg7 11. Bd3 Ne7 12. Nxe7 Qxe7 13. O-O O-O
14. c4 f5 15. Qh5 Rb8 16. exf5 e4 17. Rae1 Bb7 18. f3 d5 19. fxe4 dxc4 20.
f6 Bxf6 21. e5 Qc5+ 22. Kh1 cxd3 23. Rxf6 Kh8 24. Rh6 Be4 25. Qh4 Bg6 26.
Nb1 1/2-1/2

[Event "XXIV Open"]
[Site "Cappelle La Grande FRA"]
[Date "2008.02.21"]
[Round "7"]
[White "Le Ruyet,L"]
[Black "Kuipers,S"]
[Result "0-1"]
[WhiteElo "2108"]
[BlackElo "2302"]
[EventDate "2008.02.16"]

1. e4 c5 2. Nf3 Nc6 3. d4 cxd4 4. Nxd4 Nf6 5. Nc3 e5 6. Ndb5 d6 7. Bg5 a6
8. Na3 b5 9. Bxf6 gxf6 10. Nd5 Bg7 11. c3 f5 12. Bd3 Ne7 13. Nxe7 Qxe7 14.
Nc2 Qg5 15. O-O f4 16. f3 O-O 17. Qe2 Bb7 18. a4 bxa4 19. Rxa4 a5 20. Rfa1
Qd8 21. Na3 Bc6 22. Bb5 Bxb5 23. Nxb5 d5 24. exd5 Qxd5 25. Rxa5 Rxa5 26.
Rxa5 f5 27. Ra4 Rd8 28. Kf1 Qd1+ 29. Qxd1 Rxd1+ 30. Ke2 Rb1 31. Rb4 Bf8 32.
Rb3 Rg1 33. g3 fxg3 34. hxg3 Rg2+ 35. Kf1 Rxg3 36. Kf2 f4 37. Nc7 Bc5+ 38.
Ke2 e4 39. c4 Be3 40. Rb8+ Kf7 41. fxe4 Bc5 0-1

[Event "XXIV Open"]
[Site "Cappelle La Grande FRA"]
[Date "2008.02.21"]
[Round "7"]
[White "Kooshani,M"]
[Black "Boric,E"]
[Result "0-1"]
[WhiteElo "2098"]
[BlackElo "2274"]
[EventDate "2008.02.16"]

1. e4 Nf6 2. Nc3 d5 3. exd5 Nxd5 4. Nxd5 Qxd5 5. Nf3 Bg4 6. Be2 Nc6 7. d4
O-O-O 8. c4 Qe4 9. Be3 e5 10. d5 Bxf3 11. gxf3 Bb4+ 12. Kf1 Qh4 13. Qa4
Qh3+ 14. Kg1 Rd6 15. Bd3 f5 16. Bxf5+ Qxf5 17. h4 Rg6+ 18. Bg5 Nd4 19. Qxb4
Nxf3+ 20. Kg2 Nxh4+ 0-1

[Event "XXIV Open"]
[Site "Cappelle La Grande FRA"]
[Date "2008.02.21"]
[Round "7"]
[White "Hamperl,F"]
[Black "Schuurman,P"]
[Result "0-1"]
[WhiteElo "2074"]
[BlackElo "2271"]
[EventDate "2008.02.16"]

1. e4 c6 2. Nc3 d5 3. Qf3 dxe4 4. Nxe4 Nd7 5. Ne2 Ngf6 6. N2g3 e6 7. d4
Nxe4 8. Nxe4 Nf6 9. Nxf6+ Qxf6 10. Qxf6 gxf6 11. Bf4 b6 12. Bd3 Bb7 13. Be4
O-O-O 14. O-O-O f5 15. Bf3 Bg7 16. c3 Rd7 17. Rhe1 Rhd8 18. Kc2 Bf6 19. a4
c5 20. Bxb7+ Kxb7 21. dxc5 bxc5 22. Rxd7+ Rxd7 23. Re3 h5 24. Rh3 h4 25.
Rd3 Rxd3 26. Kxd3 Kc6 27. Kc4 a5 28. b4 cxb4 29. cxb4 axb4 30. Kxb4 e5 31.
Be3 f4 32. Bc5 e4 33. a5 Bd8 34. a6 Bb6 35. Bxb6 Kxb6 36. Kc3 Kxa6 37. g3
e3 0-1

[Event "XXIV Open"]
[Site "Cappelle La Grande FRA"]
[Date "2008.02.21"]
[Round "7"]
[White "Ohme,M"]
[Black "Przymusinski,N"]
[Result "1-0"]
[WhiteElo "2267"]
[BlackElo "2088"]
[EventDate "2008.02.16"]

1. e4 c5 2. Nf3 Nc6 3. d4 cxd4 4. Nxd4 Nf6 5. Nc3 e5 6. Ndb5 d6 7. Bg5 a6
8. Na3 b5 9. Nd5 Be7 10. Bxf6 Bxf6 11. c3 O-O 12. Nc2 Bg5 13. a4 bxa4 14.
Rxa4 a5 15. Bc4 Rb8 16. b3 Kh8 17. Nce3 Bxe3 18. Nxe3 Ne7 19. O-O f5 20.
exf5 Nxf5 21. Nxf5 Bxf5 22. Qd5 Bd7 23. Ra2 a4 24. bxa4 Rc8 25. Be2 Qe8 26.
Bb5 Bxb5 27. axb5 Rc5 28. Qxd6 Rxb5 29. c4 Rb8 30. Ra7 e4 31. Re7 Qc8 32.
Qe5 Rg8 33. Qxe4 Rb4 34. Rc1 Qd8 35. h3 Qd2 36. Qe3 Qb2 37. c5 Rb3 38. Qe1
Qf6 39. Qe5 Qg6 40. Qe6 Qg5 41. Re1 Rc3 42. Re8 1-0

[Event "XXIV Open"]
[Site "Cappelle La Grande FRA"]
[Date "2008.02.22"]
[Round "8"]
[White "Kotronias,V"]
[Black "Dervishi,E"]
[Result "1-0"]
[WhiteElo "2628"]
[BlackElo "2543"]
[EventDate "2008.02.16"]

1. e4 e5 2. Nf3 d6 3. d4 Nd7 4. Bc4 h6 5. O-O Ngf6 6. Nc3 c6 7. a4 Qc7 8.
a5 g6 9. h3 Bg7 10. dxe5 Nxe5 11. Ba2 O-O 12. Nh4 Kh7 13. f4 Ned7 14. Be3
Qd8 15. Qf3 Nxe4 16. Nxe4 d5 17. Bf2 dxe4 18. Qxe4 f5 19. Qd3 Bxb2 20. Rad1
Qf6 21. Rfe1 Qg7 22. Qg3 g5 23. fxg5 hxg5 24. Nf3 Bf6 25. Be6 Ne5 26. Bxc8
Nxf3+ 27. Qxf3 Raxc8 28. Qxf5+ Qg6 29. Rd7+ Bg7 30. Qxg6+ Kxg6 31. Rxb7 Rf7
32. a6 Rcc7 33. Reb1 c5 34. Bg3 Bd4+ 35. Kh2 Rce7 36. Bb8 c4 37. R1b4 Re1
38. Rxf7 Kxf7 39. Rxc4 Bg1+ 40. Kg3 Kg6 41. Kg4 Re6 42. Ra4 Re2 43. g3 Rxc2
44. h4 gxh4 45. gxh4 Be3 46. h5+ Kf7 47. Rb4 Ra2 48. Bxa7 Bxa7 49. Rb7+ Kf6
50. Rxa7 Ra4+ 51. Kf3 Kg5 52. Ra8 Rf4+ 53. Ke3 Rf7 54. Rb8 Ra7 55. Rb5+ 1-0

[Event "XXIV Open"]
[Site "Cappelle La Grande FRA"]
[Date "2008.02.22"]
[Round "8"]
[White "Banusz,T"]
[Black "Sokolov,And1"]
[Result "1/2-1/2"]
[WhiteElo "2489"]
[BlackElo "2594"]
[EventDate "2008.02.16"]

1. d4 Nf6 2. c4 e6 3. Nc3 Bb4 4. Qc2 c5 5. dxc5 O-O 6. a3 Bxc5 7. Nf3 b6 8.
Bf4 Nh5 9. Bg3 Bb7 10. Rd1 Bxf3 11. gxf3 Nc6 12. e3 Be7 13. Qd2 Nf6 14. Nd5
exd5 15. cxd5 Nh5 16. dxc6 dxc6 17. Qc2 Qc8 18. Bd3 g6 19. O-O Nxg3 20.
hxg3 Qc7 21. Be4 Rac8 22. f4 c5 23. Qc4 Bf6 24. b3 Rcd8 25. Bd5 Rd7 26. Rd3
Rfd8 27. Rfd1 Kg7 28. a4 Qb8 29. Kg2 Qc7 30. Qe4 Rd6 31. Qf3 Bd4 32. Bc4
Bf6 33. Rxd6 Rxd6 34. Rxd6 Qxd6 35. Qb7 Qe7 36. Qd5 Bc3 37. e4 h6 38. e5 g5
39. fxg5 hxg5 40. f4 gxf4 41. gxf4 a6 42. Qf3 Bd4 43. Qg4+ Kf8 44. Qh5 Kg7
45. Bd5 Qd7 46. Qg5+ Kf8 47. Qh6+ Kg8 48. Qg5+ Kf8 49. Be4 Qe6 50. Qd8+ Kg7
51. Qg5+ Kf8 52. Qd8+ Kg7 53. Qg5+ Kf8 54. Bf5 Qd5+ 55. Kh2 Bxe5 56. fxe5
Qxe5+ 57. Kh3 b5 58. Qd8+ Kg7 59. Qg5+ Kf8 60. Qd8+ Kg7 61. Qg5+ Kf8 62.
Qg4 Qe3+ 63. Qg3 Qh6+ 64. Kg4 Qg7+ 65. Kh3 Qh6+ 66. Kg2 bxa4 67. Qb8+ Kg7
68. Qg3+ Kf8 69. Qb8+ Kg7 70. Qg3+ Kf8 71. bxa4 Qc6+ 72. Kh3 Qxa4 73. Qd6+
Kg7 74. Qxc5 1/2-1/2

[Event "XXIV Open"]
[Site "Cappelle La Grande FRA"]
[Date "2008.02.22"]
[Round "8"]
[White "Spraggett,K"]
[Black "Zubarev,Al1"]
[Result "1/2-1/2"]
[WhiteElo "2588"]
[BlackElo "2491"]
[EventDate "2008.02.16"]

1. e4 e5 2. Nf3 Nc6 3. Bb5 a6 4. Ba4 Nf6 5. O-O Be7 6. Re1 b5 7. Bb3 d6 8.
c3 O-O 9. h3 Na5 10. Bc2 d5 11. d4 dxe4 12. Nxe5 Bb7 13. Be3 c5 14. Nd2 Qc7
15. Rc1 Rad8 16. a3 Nc6 17. Nxc6 Qxc6 18. Qe2 Rfe8 19. dxc5 Bxc5 20. Nb3
Bxe3 21. Qxe3 Qc7 22. Rcd1 Rc8 23. Rd4 Re5 24. Nd2 Rce8 25. Bb3 h6 26. c4
Rg5 27. Rd1 Rc5 28. Ba2 bxc4 29. Bxc4 a5 30. b4 axb4 31. axb4 Rc6 32. Re1
Rc8 33. Qb3 Kf8 34. Rd1 Kg8 35. Qe3 Kf8 36. Ra1 Qb6 37. b5 Rd6 38. Rxd6
Qxd6 39. Bf1 Bd5 40. Ra6 Qb4 41. Qf4 Qc3 42. b6 Qb4 43. Nc4 Bxc4 44. Bxc4
Rxc4 45. Ra8+ Ne8 46. Qe5 Qe7 47. Qxe7+ Kxe7 48. b7 Rb4 49. b8=Q Rxb8 50.
Rxb8 f5 51. Kf1 g6 52. Ke2 Ng7 53. Kd2 Ne6 54. g3 Kf6 55. Rb6 Ke5 56. Kc3
h5 57. Kc4 h4 58. gxh4 Nf4 59. Rb5+ Kf6 60. Kd4 Nxh3 61. Ke3 g5 62. Rb6+
Kg7 63. hxg5 Nxg5 64. Kf4 Nh3+ 65. Kg3 Ng5 66. Kh4 Nf3+ 67. Kg3 Ne5 68. Kf4
Nd3+ 69. Kxf5 Nxf2 70. Rb7+ Kh6 71. Re7 Nh1 72. Re8 Nf2 73. Re7 Nh1 74.
Re6+ Kh5 75. Re8 Ng3+ 76. Kf4 Kh4 77. Rh8+ Nh5+ 78. Kxe4 Kg5 79. Rg8+ Kf6
1/2-1/2

[Event "XXIV Open"]
[Site "Cappelle La Grande FRA"]
[Date "2008.02.22"]
[Round "8"]
[White "Hasangatin,R"]
[Black "L'Ami,E"]
[Result "0-1"]
[WhiteElo "2481"]
[BlackElo "2581"]
[EventDate "2008.02.16"]

1. Nf3 Nf6 2. c4 e6 3. g3 b6 4. Bg2 Bb7 5. b3 g6 6. Bb2 Bg7 7. O-O O-O 8.
Nc3 c5 9. d4 Ne4 10. Qc2 Nxc3 11. Bxc3 d6 12. Rad1 Qe7 13. dxc5 bxc5 14.
Bxg7 Kxg7 15. Qc3+ Kg8 16. Nd2 Nc6 17. Ne4 Nd4 18. Rd2 f5 19. e3 e5 20.
Nxc5 Bxg2 21. Kxg2 dxc5 22. exd4 cxd4 23. Qa5 Rad8 24. c5 Rd5 25. b4 e4 26.
Qa6 d3 27. Qc4 Qe5 28. c6 Kg7 29. a4 f4 30. Re1 f3+ 31. Kh1 Qd4 32. Qa2 Re8
33. Qb2 Qxb2 34. Rxb2 Kf6 35. h4 Rd4 36. Kh2 Rc8 37. Rc1 Ke5 38. a5 a6 39.
b5 axb5 40. Rxb5+ Rd5 41. Rb7 d2 42. Rd1 Rxc6 43. Rb2 Rcd6 44. Ra2 Ra6 45.
Rdxd2 Rxd2 46. Rxd2 Rxa5 47. Rd1 Ra2 48. Kg1 Kf5 49. h5 g5 50. h6 Kg4 0-1